| 000 | 00555nam a2200217Ia 4500 | ||
|---|---|---|---|
| 003 | GCL | ||
| 008 | 140319s9999 xx 000 0 ara d | ||
| 040 |
_aGCL / _cGCL |
||
| 082 | 0 | 4 |
_a155.455 _bر م |
| 100 | 1 | _aريمى شومان | |
| 245 | 1 | 0 |
_aالموهوبون / _cريمى شومان |
| 700 | 1 | _aوجيه اسعد | |
| 300 | _a177 ص | ||
| 490 | _a | ||
| 650 | 0 | 4 | _aعلم النفس |
| 650 | 0 | 4 | _aالموهبة |
| 650 | 0 | 4 | _aالعبقرية |
| 650 | 0 | 4 | _aالطلبة الموهبون |
| 650 | 0 | 4 | _aالموهوبون |
| 942 |
_2ddc _cBK |
||
| 999 |
_c44194 _d44194 |
||